| 000 | 01178 a2200253 4500 | ||
|---|---|---|---|
| 003 | Nust | ||
| 005 | 20230807113007.0 | ||
| 010 | _a 96043020 | ||
| 020 | _a0792397886 (alk. paper) | ||
| 040 | _cNust | ||
| 082 | 0 | 0 | _a621.38456,WIR |
| 245 | 0 | 0 |
_aWireless personal communications : _badvances in coverage and capacity / _cedited by Jeffrey H. Reed, Thodore S. Rappaport, Brian D. Woerner. |
| 260 |
_aBoston, : _bKluwer Academic Publishers, _cc1997. |
||
| 300 |
_axi, 223 p. : _bill. ; _c24 cm. |
||
| 440 | 0 |
_aKluwer international series in engineering and computer science ; _vSECS 377 _982222 |
|
| 505 | _aNovel Wireless Systems And Hardware (Page-1), CDMA And DSP Techniques (Page-61), Propagation And System Design Issues (Page-120). | ||
| 650 | 0 |
_aPersonal communication service systems. _9105628 |
|
| 700 | 1 |
_aRappaport, Theodore S., _d1960- _998184 |
|
| 700 | 1 |
_aReed, Jeffrey Hugh. _998191 |
|
| 700 | 1 |
_aWoerner, Brian D. _9114010 |
|
| 856 | 4 | 1 |
_3Publisher description _uhttp://www.loc.gov/catdir/enhancements/fy0820/96043020-d.html |
| 856 | 4 | 1 |
_3Table of contents only _uhttp://www.loc.gov/catdir/enhancements/fy0820/96043020-t.html |
| 942 |
_2ddc _cBK _k621.38456,WIR |
||
| 999 |
_c183691 _d183691 |
||